[Event "XVII Festival A"]
[Site "Trieste ITA"]
[Date "2015.09.02"]
[Round "6"]
[White "Hendriks, Willy"]
[Black "Marziali, Giulio"]
[Result "1-0"]
[WhiteElo "2384"]
[BlackElo "2014"]
[PlyCount "107"]
[EventDate "2015.08.29"]

1. e4 d5 2. exd5 Qxd5 3. Nc3 Qa5 4. d4 c6 5. Bc4 Nf6 6. Bd2 Qc7 7. Nf3 Bf5 8.
Ne5 e6 9. Qe2 Bd6 10. g4 Bxe5 11. gxf5 Bxd4 12. fxe6 fxe6 13. Bxe6 Qe5 14. Qxe5
Bxe5 15. O-O-O Ke7 16. Bh3 Kf7 17. Rhe1 Re8 18. f4 Bc7 19. Rxe8 Kxe8 20. Bc8 a5
21. Bxb7 Ra7 22. Bc8 Bd8 23. Be3 Rc7 24. Be6 Rb7 25. f5 Nbd7 26. Bd4 Be7 27.
Re1 Kf8 28. a3 Bd6 29. h3 Nc5 30. Bc4 Re7 31. Rxe7 Kxe7 32. Kd2 Bf4+ 33. Ke2
Kd6 34. b3 Be5 35. Ke3 Bh2 36. Ne2 Be5 37. c3 Ncd7 38. Kf3 c5 39. Bg1 Nb6 40.
Bf7 Nbd5 41. Bxd5 Nxd5 42. c4 Nf6 43. Nf4 Bb2 44. a4 Ba3 45. Nd3 Nd7 46. Bh2+
Ke7 47. Ke4 Nf6+ 48. Ke5 Nd7+ 49. Kd5 Kf6 50. Kc6 Kxf5 51. Kxd7 Ke4 52. Nf4 Kd4
53. Ne6+ Kc3 54. Kc6 1-0

[Event "XVII Festival A"]
[Site "Trieste ITA"]
[Date "2015.09.02"]
[Round "6"]
[White "Sorbera, Giovanni"]
[Black "Lodici, Lorenzo"]
[Result "0-1"]
[WhiteElo "2177"]
[BlackElo "2348"]
[PlyCount "78"]
[EventDate "2015.08.29"]

1. c4 e5 2. Nc3 Nc6 3. Nf3 g6 4. Rb1 Bg7 5. b4 a6 6. b5 axb5 7. cxb5 Nce7 8. b6
c6 9. d4 exd4 10. Nxd4 Nf5 11. e3 Nge7 12. Be2 Nxd4 13. exd4 Nf5 14. Be3 Nxe3
15. fxe3 Qg5 16. Qd3 Qxg2 17. Qe4+ Qxe4 18. Nxe4 Ke7 19. a4 Rxa4 20. Kf2 d6 21.
Ra1 Rb4 22. Rhb1 Rxb1 23. Rxb1 Bf5 24. Bd3 Ra8 25. Rb3 Ra2+ 26. Kg3 Be6 27. Rb1
Ra3 28. Nf2 Kd7 29. Kf3 Bd5+ 30. e4 Bc4 31. Ke3 Bh6+ 32. Ke2 Ra2+ 33. Ke1 Bxd3
34. Nxd3 Rxh2 35. Rb3 Be3 36. d5 cxd5 37. exd5 h5 38. Nb2 Bc5 39. Nc4 Rh4 0-1

[Event "XVII Festival A"]
[Site "Trieste ITA"]
[Date "2015.09.02"]
[Round "6"]
[White "Pescatore, Lorenzo"]
[Black "Markocic, Tine"]
[Result "1-0"]
[WhiteElo "2279"]
[BlackElo "1901"]
[PlyCount "63"]
[EventDate "2015.08.29"]

1. e4 c5 2. Nc3 Nc6 3. f4 g6 4. Nf3 Bg7 5. Bb5 Nd4 6. O-O Nxb5 7. Nxb5 d6 8. d3
a6 9. Nc3 b5 10. Qe1 Bb7 11. f5 Nf6 12. Qh4 Qc7 13. Qh3 Nd7 14. Bg5 h6 15. Be3
g5 16. Rad1 O-O-O 17. d4 Kb8 18. Qg3 b4 19. Nd5 Bxd5 20. exd5 c4 21. Qe1 c3 22.
bxc3 bxc3 23. Rb1+ Ka7 24. Rb3 Rc8 25. Bf2 Nb6 26. Qe4 Rhe8 27. Rfb1 Rb8 28.
Ne5 dxe5 29. dxe5 Qxe5 30. Rxb6 Rxb6 31. Bxb6+ Ka8 32. Qa4 1-0

[Event "XVII Festival A"]
[Site "Trieste ITA"]
[Date "2015.09.02"]
[Round "6"]
[White "Henrich, Thomas"]
[Black "Pregarac, Valter"]
[Result "1-0"]
[WhiteElo "2177"]
[BlackElo "2116"]
[PlyCount "101"]
[EventDate "2015.08.29"]

1. d4 e6 2. c4 Nf6 3. Nc3 Bb4 4. e3 O-O 5. Nge2 d5 6. a3 Be7 7. Nf4 a5 8. b3
Na6 9. Qf3 c6 10. Bb2 Qb6 11. Qd1 dxc4 12. Bxc4 Nd5 13. Ncxd5 cxd5 14. Bd3 Bd7
15. O-O Bb5 16. Kh1 Bd6 17. Nh5 Bxd3 18. Qxd3 a4 19. b4 Nc7 20. e4 dxe4 21.
Qxe4 Nd5 22. Bc1 Be7 23. Qe5 f6 24. Qg3 Rf7 25. Qd3 Rc8 26. Bd2 Bf8 27. Ng3 f5
28. Rfe1 Rfc7 29. Re5 g6 30. Rae1 Bg7 31. Rxe6 Qxd4 32. Qe2 Nf6 33. Bg5 Rc2 34.
Qf3 Ng4 35. h3 Nxf2+ 36. Kh2 Ne4 37. Nxe4 fxe4 38. R1xe4 Qd7 39. Re7 Qd6+ 40.
Bf4 Qc6 41. Qg4 Rf8 42. R4e6 Qc4 43. Re4 Qd5 44. Bg3 Rd2 45. Bf4 Rd3 46. R4e5
Qc6 47. Rc5 Qf6 48. Rcc7 Bh8 49. Bg3 Rd4 50. Qe2 h5 51. Qa2+ 1-0

[Event "XVII Festival A"]
[Site "Trieste ITA"]
[Date "2015.09.03"]
[Round "7"]
[White "Bosiocic, Marin"]
[Black "Mazi, Leon"]
[Result "1/2-1/2"]
[WhiteElo "2552"]
[BlackElo "2405"]
[PlyCount "107"]
[EventDate "2015.08.29"]

1. e4 c5 2. Nf3 d6 3. d4 cxd4 4. Nxd4 Nf6 5. Nc3 a6 6. Bg5 e6 7. f4 Be7 8. Qf3
h6 9. Bh4 Qc7 10. O-O-O Nbd7 11. Be2 O-O 12. g4 b5 13. a3 Rb8 14. g5 hxg5 15.
Bxg5 b4 16. axb4 Rxb4 17. Bh6 Rxd4 18. Rxd4 gxh6 19. Qh3 Kh7 20. e5 dxe5 21.
Rc4 Qa7 22. Bd3+ e4 23. Nxe4 Kg7 24. Nxf6 Nxf6 25. Rc7 Qxc7 26. Rg1+ Ng4 27.
Qxg4+ Bg5 28. fxg5 h5 29. Qd4+ e5 30. Qe4 Rh8 31. Re1 h4 32. Qxe5+ Qxe5 33.
Rxe5 Rd8 34. Re7 a5 35. Re5 Rd4 36. Rxa5 Rg4 37. Re5 Rg2 38. b4 Rxh2 39. Re7
Rf2 40. g6 h3 41. Be4 Be6 42. b5 h2 43. b6 h1=Q+ 44. Bxh1 Rf1+ 45. Kb2 Rxh1 46.
gxf7 Bxf7 47. b7 Rh8 48. Rc7 Rb8 49. c4 Kf6 50. Kb3 Bh5 51. c5 Bf3 52. c6 Bxc6
53. Rxc6+ Ke7 54. Rb6 1/2-1/2

[Event "XVII Festival A"]
[Site "Trieste ITA"]
[Date "2015.09.03"]
[Round "7"]
[White "Vovk, Andrey"]
[Black "Baklan, Vladimir"]
[Result "1/2-1/2"]
[WhiteElo "2606"]
[BlackElo "2608"]
[PlyCount "25"]
[EventDate "2015.08.29"]

1. e4 e6 2. d4 d5 3. Nd2 c5 4. Ngf3 cxd4 5. Nxd4 Nf6 6. exd5 Nxd5 7. N2f3 Bb4+
8. Bd2 O-O 9. Bxb4 Nxb4 10. Qd2 N8c6 11. Nxc6 Qxd2+ 12. Kxd2 Nxc6 13. Bb5
1/2-1/2

[Event "XVII Festival A"]
[Site "Trieste ITA"]
[Date "2015.09.03"]
[Round "7"]
[White "Korpa, Bence"]
[Black "David, Alberto"]
[Result "0-1"]
[WhiteElo "2433"]
[BlackElo "2584"]
[PlyCount "78"]
[EventDate "2015.08.29"]

1. Nf3 c5 2. c4 b6 3. g3 Bb7 4. Bg2 g6 5. d4 cxd4 6. Qxd4 Nf6 7. Nc3 Bg7 8. Bf4
Nh5 9. Qd2 Nxf4 10. Qxf4 O-O 11. O-O d6 12. Rac1 Nd7 13. Rfd1 Rc8 14. b3 Rc5
15. b4 Rc8 16. Nd5 e6 17. Ne3 Bxf3 18. Qxf3 Ne5 19. Qb7 Rc7 20. Qa6 Qc8 21. Qb5
d5 22. c5 bxc5 23. Rxc5 Rxc5 24. bxc5 Qc7 25. Rc1 Nc6 26. Qa4 Rc8 27. Nf1 Nd4
28. Qa6 Qc6 29. Qd3 Qb5 30. Qxb5 Nxb5 31. Ne3 Nc3 32. Rc2 d4 33. Nc4 Rxc5 34.
Nd6 Ra5 35. Nc8 Bf8 36. Bc6 Nxa2 37. Rc4 Nc3 38. e3 dxe3 39. fxe3 Rc5 0-1

[Event "XVII Festival A"]
[Site "Trieste ITA"]
[Date "2015.09.03"]
[Round "7"]
[White "Pap, Gyula"]
[Black "Jovanic, Ognjen"]
[Result "1-0"]
[WhiteElo "2536"]
[BlackElo "2459"]
[PlyCount "119"]
[EventDate "2015.08.29"]

1. c4 c6 2. Nf3 d5 3. e3 Nf6 4. Nc3 a6 5. Qc2 Bg4 6. Ne5 Be6 7. d4 Nbd7 8. Be2
g6 9. O-O Bg7 10. Nxd7 Bxd7 11. Qb3 Rb8 12. cxd5 Nxd5 13. Na4 O-O 14. Rd1 Nc7
15. Bd2 Be6 16. Qc2 Nb5 17. Nc5 Bf5 18. Qb3 Re8 19. a4 Nd6 20. Bf3 Qc8 21. Be2
Ne4 22. Bc4 Nd6 23. Be2 Ne4 24. Bc4 Nd6 25. a5 Nxc4 26. Qxc4 Qc7 27. e4 Bd7 28.
Bg5 Rbd8 29. Bh4 Bc8 30. Bg3 e5 31. Nd3 Be6 32. d5 Bc8 33. dxc6 Qxc6 34. Qxc6
bxc6 35. f3 Be6 36. Nc5 Bc4 37. Nb7 Rxd1+ 38. Rxd1 Rb8 39. Nc5 f6 40. Rc1 Bb5
41. Rd1 Bc4 42. b3 Bb5 43. Bf2 Re8 44. Nd7 Kf7 45. Bc5 h5 46. Nb6 g5 47. Rd7+
Kg6 48. Nc4 Rh8 49. Kf2 Rh7 50. Rd6 Kf7 51. Ke1 g4 52. Na3 Bf8 53. Nxb5 Bxd6
54. Nxd6+ Kg6 55. Nf5 Rb7 56. b4 gxf3 57. gxf3 Kg5 58. h4+ Kg6 59. Ne7+ Kf7 60.
Nxc6 1-0

[Event "XVII Festival A"]
[Site "Trieste ITA"]
[Date "2015.09.03"]
[Round "7"]
[White "Urkedal, Frode"]
[Black "Codenotti, Marco"]
[Result "1-0"]
[WhiteElo "2509"]
[BlackElo "2424"]
[PlyCount "49"]
[EventDate "2015.08.29"]

1. e4 c5 2. Nf3 d6 3. d4 cxd4 4. Nxd4 Nf6 5. Nc3 a6 6. Bg5 Nbd7 7. f4 Qa5 8.
Qd2 e6 9. O-O-O Be7 10. Kb1 h6 11. Bh4 g5 12. fxg5 Ng4 13. Nf3 Qd8 14. Be2 Nge5
15. Nxe5 Nxe5 16. Bg3 hxg5 17. Nb5 axb5 18. Bxe5 dxe5 19. Bxb5+ Bd7 20. Qxd7+
Qxd7 21. Rxd7 Kf8 22. Rxb7 Rh4 23. Bd3 f5 24. exf5 e4 25. g3 1-0

[Event "XVII Festival A"]
[Site "Trieste ITA"]
[Date "2015.09.03"]
[Round "7"]
[White "Gavrish, Leonid"]
[Black "Maiorov, Nikita"]
[Result "0-1"]
[WhiteElo "2140"]
[BlackElo "2552"]
[PlyCount "110"]
[EventDate "2015.08.29"]

1. d4 Nf6 2. c4 e6 3. Nc3 Bb4 4. e3 O-O 5. Bd3 d5 6. cxd5 exd5 7. Nge2 Re8 8.
O-O b6 9. a3 Bf8 10. f3 Bb7 11. b4 Nbd7 12. Qb3 a6 13. e4 dxe4 14. fxe4 Nxe4
15. Qxf7+ Kh8 16. Nxe4 Bxe4 17. Bxe4 Rxe4 18. Ng3 Re7 19. Qf3 Nf6 20. Bg5 Qxd4+
21. Kh1 Ree8 22. Rad1 Qe5 23. Bf4 Qe7 24. Qc6 Rac8 25. Rc1 Qf7 26. Bg5 Bd6 27.
Bxf6 gxf6 28. Nf5 Be5 29. h3 Rcd8 30. Nh6 Qg7 31. Ng4 Rg8 32. Rc2 Rd7 33. Qe4
Qg6 34. Qxg6 hxg6 35. Rc6 Bb2 36. Nxf6 Rf8 37. Nxd7 Rxf1+ 38. Kh2 Rf7 39. Rc2
Bxa3 40. Ne5 Rg7 41. Nc6 Rd7 42. Ne5 Rd1 43. Rxc7 Bxb4 44. Nxg6+ Kg8 45. g3 Rd6
46. Ne7+ Kf8 47. Nf5 Rd2+ 48. Kh1 a5 49. g4 Rd5 50. Ra7 b5 51. h4 Bc3 52. h5 b4
53. Ne7 Rd1+ 54. Kg2 b3 55. Ng6+ Ke8 0-1

[Event "XVII Festival A"]
[Site "Trieste ITA"]
[Date "2015.09.03"]
[Round "7"]
[White "Mikalsen, Erlend"]
[Black "Di Paolo, Raffaele"]
[Result "1-0"]
[WhiteElo "2350"]
[BlackElo "2279"]
[PlyCount "79"]
[EventDate "2015.08.29"]

1. e4 c5 2. Nf3 d6 3. d4 cxd4 4. Nxd4 Nf6 5. Nc3 g6 6. Be3 Bg7 7. f3 Nc6 8. Qd2
O-O 9. Bc4 Bd7 10. Bb3 Rb8 11. O-O-O Na5 12. Kb1 b5 13. g4 Nc4 14. Bxc4 bxc4
15. Ka1 Re8 16. h4 Qa5 17. h5 Rb6 18. Nde2 Ra6 19. h6 Bh8 20. g5 Nh5 21. Bd4 e5
22. Be3 Be6 23. Rxh5 gxh5 24. Ng3 Rb8 25. Nxh5 Qb4 26. Rb1 Rb5 27. Nf6+ Kf8 28.
Nxh7+ Ke8 29. Nf6+ Bxf6 30. gxf6 Rba5 31. Rg1 Rxa2+ 32. Nxa2 Rxa2+ 33. Kxa2 c3+
34. b3 cxd2 35. h7 Qc3 36. h8=Q+ Kd7 37. Qb8 Qxc2+ 38. Ka3 Bg4 39. Qxa7+ Kc8
40. Qa8+ 1-0

[Event "XVII Festival A"]
[Site "Trieste ITA"]
[Date "2015.09.03"]
[Round "7"]
[White "Monjac, Mislav"]
[Black "Werle, Jan"]
[Result "0-1"]
[WhiteElo "2222"]
[BlackElo "2525"]
[PlyCount "50"]
[EventDate "2015.08.29"]

1. e4 c5 2. Nf3 Nc6 3. Bb5 e6 4. Bxc6 bxc6 5. d3 Ne7 6. h4 d6 7. h5 Ng8 8. Nc3
e5 9. Ne2 h6 10. Ng3 Be7 11. Be3 Rb8 12. b3 Nf6 13. Qd2 Ng4 14. Qe2 O-O 15.
O-O-O a5 16. Nd2 a4 17. Nf5 Bxf5 18. exf5 Nxe3 19. fxe3 d5 20. c4 Qa5 21. Kb2
e4 22. d4 Bf6 23. Nb1 axb3 24. axb3 cxd4 25. exd4 Rxb3+ 0-1

[Event "XVII Festival A"]
[Site "Trieste ITA"]
[Date "2015.09.03"]
[Round "7"]
[White "Lodici, Lorenzo"]
[Black "Moroni, Luca Jr"]
[Result "0-1"]
[WhiteElo "2348"]
[BlackElo "2461"]
[PlyCount "98"]
[EventDate "2015.08.29"]

1. d4 e6 2. c4 Bb4+ 3. Nc3 b6 4. Bd2 Bb7 5. a3 Bxc3 6. Bxc3 f5 7. e3 Nf6 8. f3
Qe7 9. Nh3 d6 10. Bd3 Nbd7 11. b4 O-O 12. O-O g6 13. Re1 Rae8 14. a4 e5 15. Bf1
h6 16. Qc2 Rf7 17. d5 Nf8 18. Nf2 Bc8 19. e4 fxe4 20. fxe4 N8h7 21. Bd2 Kg7 22.
c5 Ng4 23. Nxg4 Bxg4 24. Be3 Ref8 25. a5 bxc5 26. bxc5 Qh4 27. c6 Ng5 28. Bxa7
Bf3 29. Bf2 Qg4 30. Bg3 Bxe4 31. Qd1 Bf3 32. Be2 Bxe2 33. Rxe2 Ne4 34. Re1 Qf5
35. Rf1 Qg5 36. Rxf7+ Rxf7 37. a6 Nxg3 38. hxg3 Qxg3 39. Qe1 Qf4 40. Ra3 Qd4+
41. Qe3 Qd1+ 42. Kh2 Rf1 43. a7 Rh1+ 44. Kg3 h5 45. Qf3 Qe1+ 46. Qf2 h4+ 47.
Kf3 e4+ 48. Kg4 Qxf2 49. a8=Q Qf5# 0-1

[Event "XVII Festival A"]
[Site "Trieste ITA"]
[Date "2015.09.03"]
[Round "7"]
[White "McPhillips, Joseph"]
[Black "Hendriks, Willy"]
[Result "1/2-1/2"]
[WhiteElo "2191"]
[BlackElo "2384"]
[PlyCount "128"]
[EventDate "2015.08.29"]

1. e4 c5 2. Nf3 Nc6 3. d4 cxd4 4. Nxd4 e5 5. Nb5 d6 6. N1c3 a6 7. Na3 b5 8. Nd5
Nge7 9. c4 Nd4 10. Be3 Nxd5 11. cxd5 g6 12. Nc2 Bg7 13. Bd3 O-O 14. O-O Bd7 15.
Qd2 Nxc2 16. Bxc2 f5 17. f3 Qb8 18. Rfc1 Bf6 19. a4 Rc8 20. a5 f4 21. Bf2 Qb7
22. Bb3 Kg7 23. Rd1 h5 24. Qb4 Be7 25. h4 Rf8 26. Rdc1 Rac8 27. Rc3 Rxc3 28.
bxc3 Rc8 29. c4 Qc7 30. cxb5 Bxb5 31. Ba4 Rb8 32. Bb6 Rxb6 33. axb6 Qxb6+ 34.
Kh1 Bxh4 35. Bxb5 axb5 36. Qa5 Qxa5 37. Rxa5 Bf2 38. Rxb5 Kf6 39. Rb7 Bc5 40.
Kh2 Bf2 41. Rd7 Bc5 42. Kh3 Bb4 43. g4 fxg3 44. Kxg3 Be1+ 45. Kh3 Bb4 46. Rd8
Bc5 47. Kg3 Bb4 48. Rf8+ Kg5 49. Kf2 Bc5+ 50. Ke2 Kh4 51. Rg8 g5 52. Rc8 Bb4
53. Kf2 Kh3 54. Rg8 Bc5+ 55. Ke2 g4 56. fxg4 hxg4 57. Rc8 Kh2 58. Kf1 Bd4 59.
Rf8 Bc5 60. Rf6 Kg3 61. Rf7 Bd4 62. Rf8 Bc5 63. Rf7 Bd4 64. Rf8 Bc5 1/2-1/2

[Event "XVII Festival A"]
[Site "Trieste ITA"]
[Date "2015.09.03"]
[Round "7"]
[White "Plenca, Jadranko"]
[Black "Pescatore, Lorenzo"]
[Result "1/2-1/2"]
[WhiteElo "2369"]
[BlackElo "2279"]
[PlyCount "67"]
[EventDate "2015.08.29"]

1. e4 c5 2. Nf3 Nc6 3. d4 cxd4 4. Nxd4 g6 5. c4 Nf6 6. Nc3 d6 7. Be2 Nxd4 8.
Qxd4 Bg7 9. Be3 O-O 10. Qd2 Be6 11. f3 Qa5 12. Rc1 Rfc8 13. b3 a6 14. Na4 Qxd2+
15. Kxd2 Nd7 16. g4 Rcb8 17. Nc3 b5 18. Nd5 Bxd5 19. cxd5 Rc8 20. Rxc8+ Rxc8
21. Rc1 Rxc1 22. Kxc1 Kf8 23. a4 Nc5 24. axb5 Nxb3+ 25. Kc2 Na1+ 26. Kb1 axb5
27. Bd1 b4 28. Bc1 b3 29. Bb2 Nc2 30. Bxc2 bxc2+ 31. Kxc2 Bxb2 32. Kxb2 g5 33.
Kc3 Kg7 34. Kd4 1/2-1/2

[Event "XVII Festival A"]
[Site "Trieste ITA"]
[Date "2015.09.03"]
[Round "7"]
[White "Ostovic, Matija"]
[Black "Henrich, Thomas"]
[Result "1-0"]
[WhiteElo "2322"]
[BlackElo "2177"]
[PlyCount "53"]
[EventDate "2015.08.29"]

1. Nf3 Nf6 2. c4 c5 3. Nc3 d5 4. cxd5 Nxd5 5. e3 Nc6 6. Bb5 Ndb4 7. d4 cxd4 8.
exd4 a6 9. Ba4 b5 10. Bb3 Bf5 11. O-O Na5 12. Bg5 h6 13. Ne5 Nxb3 14. Qxb3 Be6
15. Qxb4 hxg5 16. a4 Qb8 17. f4 gxf4 18. axb5 Rh5 19. Qa4 Qb6 20. bxa6+ Kd8 21.
Qa5 Qxa5 22. Rxa5 Rf5 23. Na4 f6 24. a7 Kc7 25. Rc5+ Kb7 26. Rb5+ Ka6 27. Rb6+
1-0

[Event "XVII Festival A"]
[Site "Trieste ITA"]
[Date "2015.09.03"]
[Round "7"]
[White "Hrescak, Ivana"]
[Black "Doric, Nenad"]
[Result "1/2-1/2"]
[WhiteElo "1993"]
[BlackElo "2298"]
[PlyCount "72"]
[EventDate "2015.08.29"]

1. d4 d5 2. c4 c6 3. Nf3 Nf6 4. Nc3 e6 5. Bg5 dxc4 6. e4 b5 7. e5 h6 8. Bh4 g5
9. Nxg5 hxg5 10. Bxg5 Nbd7 11. g3 Bb7 12. Bg2 Qb6 13. exf6 O-O-O 14. O-O c5 15.
d5 b4 16. Na4 Qa6 17. a3 Bxd5 18. Bxd5 Ne5 19. axb4 Rxd5 20. Qe2 cxb4 21. Nc3
Qd6 22. Nxd5 Qxd5 23. f3 Nd3 24. Be3 Bc5 25. Bxc5 Qxc5+ 26. Kh1 Qd4 27. Qe4
Qxe4 28. fxe4 Kb7 29. Ra5 a6 30. Rb1 Kb6 31. Rg5 Nf2+ 32. Kg2 Nxe4 33. Rg4 Nxf6
34. Rxc4 Nd5 35. Kg1 Kb5 36. Rbc1 Nc3 1/2-1/2

[Event "XVII Festival A"]
[Site "Trieste ITA"]
[Date "2015.09.03"]
[Round "7"]
[White "Horton, Andrew P."]
[Black "Zuttioni, Federico"]
[Result "1/2-1/2"]
[WhiteElo "2278"]
[BlackElo "2145"]
[PlyCount "74"]
[EventDate "2015.08.29"]

1. Nf3 d6 2. c4 g6 3. g3 Bg7 4. Bg2 e5 5. O-O Ne7 6. d4 exd4 7. Nxd4 Nbc6 8.
Nc2 O-O 9. Nc3 Ne5 10. Ne3 Nf5 11. Nxf5 Bxf5 12. Bxb7 Rb8 13. Bg2 Nxc4 14. e4
Be6 15. Qc2 c6 16. Rb1 Qa5 17. Na4 Na3 18. bxa3 Rxb1 19. Qxb1 Qxa4 20. Qb4 Qxb4
21. axb4 Bxa2 22. Bf4 d5 23. Rc1 Bc4 24. Bf1 Bxf1 25. Kxf1 dxe4 26. Be3 a6 27.
Rxc6 Ra8 28. g4 Be5 29. Kg2 f5 30. gxf5 gxf5 31. Re6 Bc3 32. Bc5 Rb8 33. Rxa6
Bxb4 34. Bxb4 Rxb4 35. Ra5 Rb2 36. Rxf5 e3 37. Kf1 exf2 1/2-1/2

[Event "XVII Festival A"]
[Site "Trieste ITA"]
[Date "2015.09.03"]
[Round "7"]
[White "Jacob, Volker"]
[Black "Seresin, Francesco"]
[Result "1/2-1/2"]
[WhiteElo "2269"]
[BlackElo "2142"]
[PlyCount "123"]
[EventDate "2015.08.29"]

1. d4 f5 2. Bf4 Nf6 3. Nf3 g6 4. h4 Bg7 5. e3 e6 6. Bd3 d6 7. Nc3 Nc6 8. Qd2
Qe7 9. e4 e5 10. dxe5 dxe5 11. Bg5 Be6 12. Bb5 Rd8 13. Qe2 Qb4 14. exf5 Qxb2
15. O-O Qxc3 16. Nxe5 O-O 17. Nxc6 bxc6 18. Qxe6+ Kh8 19. Bd3 Rde8 20. Qb3 Qd4
21. Rae1 Ng4 22. Rxe8 Rxe8 23. Qc4 gxf5 24. Qxd4 Bxd4 25. c3 Bc5 26. Bxf5 Nxf2
27. Bf6+ Kg8 28. Bd4 Ne4 29. Re1 Bxd4+ 30. cxd4 Nd6 31. Rxe8+ Nxe8 32. Bd7 Nd6
33. Kf2 Kf7 34. Bxc6 Nf5 35. Be4 Kf6 36. Bxf5 Kxf5 37. Kf3 h5 38. a4 a5 39. Ke3
Kg4 40. Ke4 Kxh4 41. Kd5 Kg3 42. Kc6 Kxg2 43. Kxc7 h4 44. d5 h3 45. d6 h2 46.
d7 h1=Q 47. d8=Q Qe1 48. Qd5+ Kf2 49. Qf5+ Kg3 50. Kb6 Qb4+ 51. Qb5 Kf4 52. Ka6
Ke4 53. Qxa5 Qb8 54. Qb6 Qa8+ 55. Kb5 Qd5+ 56. Qc5 Qb7+ 57. Kc4 Qa6+ 58. Kb4
Qb7+ 59. Ka3 Qd5 60. Qb4+ Ke5 61. a5 Qd6 62. Qxd6+ 1/2-1/2

[Event "XVII Festival A"]
[Site "Trieste ITA"]
[Date "2015.09.03"]
[Round "7"]
[White "Bentivegna, Francesco"]
[Black "Sepehrkhoui, Ardeshir"]
[Result "1-0"]
[WhiteElo "2234"]
[BlackElo "2115"]
[PlyCount "67"]
[EventDate "2015.08.29"]

1. e4 c5 2. c3 e6 3. d4 d5 4. e5 Qb6 5. Nf3 Bd7 6. Bd3 Bb5 7. dxc5 Bxc5 8. b4
Be7 9. O-O Nd7 10. Be3 Qa6 11. Bxb5 Qxb5 12. a4 Qc6 13. Na3 Nh6 14. Nd4 Qc7 15.
Bxh6 gxh6 16. f4 Qxc3 17. Nab5 Qe3+ 18. Kh1 Rc8 19. Ra3 Qe4 20. Nc3 Qg6 21. f5
Qg8 22. Ncb5 Nxe5 23. Rg3 Ng6 24. fxg6 hxg6 25. Nxa7 Rc4 26. a5 Rxb4 27. Rb3
Rc4 28. a6 b5 29. Rxb5 Bd6 30. Nac6 Qg7 31. Nxe6 fxe6 32. a7 Kd7 33. Rb7+ Bc7
34. Nb8+ 1-0

[Event "XVII Festival A"]
[Site "Trieste ITA"]
[Date "2015.09.03"]
[Round "8"]
[White "David, Alberto"]
[Black "Mazi, Leon"]
[Result "1-0"]
[WhiteElo "2584"]
[BlackElo "2405"]
[PlyCount "97"]
[EventDate "2015.08.29"]

1. e4 e5 2. Nf3 Nc6 3. Bb5 a6 4. Ba4 Nf6 5. O-O Be7 6. Re1 b5 7. Bb3 d6 8. c3
O-O 9. h3 Nb8 10. d4 Nbd7 11. Nbd2 Bb7 12. Bc2 Re8 13. Nf1 Bf8 14. Ng3 c5 15.
d5 g6 16. Bg5 c4 17. b4 cxb3 18. axb3 Qc7 19. Bd2 Bg7 20. c4 bxc4 21. Ba5 Qc8
22. b4 Re7 23. Ra2 Ne8 24. Nd2 Bh6 25. Ngf1 Nc7 26. Nxc4 Nb5 27. Qd3 Qf8 28.
Ba4 Ree8 29. Na3 f5 30. Ng3 Nf6 31. Nxb5 axb5 32. Bxb5 Rec8 33. Bc4 Bf4 34.
exf5 Rxc4 35. Qxc4 Bxd5 36. Qe2 Bxa2 37. Qxa2+ Qf7 38. Qc2 Re8 39. fxg6 hxg6
40. Ne2 Bh6 41. Nc3 d5 42. Nb5 Bf8 43. Nc7 Rc8 44. b5 Bd6 45. b6 e4 46. Qc6 Be5
47. Rb1 e3 48. fxe3 Ne4 49. Rf1 1-0

[Event "XVII Festival A"]
[Site "Trieste ITA"]
[Date "2015.09.03"]
[Round "8"]
[White "Pap, Gyula"]
[Black "Bosiocic, Marin"]
[Result "1/2-1/2"]
[WhiteElo "2536"]
[BlackElo "2552"]
[PlyCount "21"]
[EventDate "2015.08.29"]

1. d4 Nf6 2. Nf3 d5 3. c4 e6 4. cxd5 exd5 5. Nc3 c6 6. Bg5 h6 7. Bh4 Bf5 8. e3
Nbd7 9. Bd3 Bxd3 10. Qxd3 Bd6 11. O-O 1/2-1/2

[Event "XVII Festival A"]
[Site "Trieste ITA"]
[Date "2015.09.03"]
[Round "8"]
[White "Baklan, Vladimir"]
[Black "Maiorov, Nikita"]
[Result "1/2-1/2"]
[WhiteElo "2608"]
[BlackElo "2552"]
[PlyCount "33"]
[EventDate "2015.08.29"]

1. e4 e5 2. Nf3 Nc6 3. Bb5 a6 4. Ba4 Nf6 5. O-O Be7 6. d3 d6 7. c3 O-O 8. Ne1
Re8 9. Nd2 Bf8 10. d4 b5 11. Bc2 Bb7 12. a3 Nb8 13. b4 Nbd7 14. Bb2 a5 15. dxe5
dxe5 16. Nb3 axb4 17. cxb4 1/2-1/2

[Event "XVII Festival A"]
[Site "Trieste ITA"]
[Date "2015.09.03"]
[Round "8"]
[White "Urkedal, Frode"]
[Black "Vovk, Andrey"]
[Result "0-1"]
[WhiteElo "2509"]
[BlackElo "2606"]
[PlyCount "70"]
[EventDate "2015.08.29"]

1. d4 Nf6 2. c4 g6 3. Nc3 Bg7 4. e4 d6 5. Nf3 O-O 6. h3 e5 7. d5 a5 8. g4 Na6
9. Be3 Nd7 10. a3 Nac5 11. Nd2 f5 12. gxf5 gxf5 13. exf5 Nf6 14. Qc2 e4 15.
O-O-O Bxf5 16. Bxc5 dxc5 17. f3 Bg6 18. fxe4 Nh5 19. Rg1 Rf2 20. Be2 Qh4 21.
Bg4 Raf8 22. Be6+ Kh8 23. Rg4 Qe7 24. Kb1 Nf4 25. Bf5 Bh5 26. Rh1 Bxg4 27. hxg4
h6 28. Qd1 Qe5 29. Qe1 Qd4 30. Nb3 Qd3+ 31. Ka2 Qc2 32. Nd1 Nd3 33. e5 R8xf5
34. Qe3 Rxe5 35. Rxh6+ Kg8 0-1

[Event "XVII Festival A"]
[Site "Trieste ITA"]
[Date "2015.09.03"]
[Round "8"]
[White "Werle, Jan"]
[Black "Mikalsen, Erlend"]
[Result "1-0"]
[WhiteElo "2525"]
[BlackElo "2350"]
[PlyCount "47"]
[EventDate "2015.08.29"]

1. Nf3 d5 2. d4 Nf6 3. c4 e6 4. Nc3 Be7 5. cxd5 exd5 6. Bg5 O-O 7. e3 c6 8. Qc2
a5 9. Bd3 h6 10. Bh4 Na6 11. a3 Be6 12. O-O Nc7 13. Rab1 Nh5 14. Bxe7 Qxe7 15.
b4 axb4 16. axb4 b5 17. Ne5 Ra6 18. Ne2 Bd7 19. Bh7+ Kh8 20. Bg6 Nf6 21. Bxf7
Rxf7 22. Ng6+ Kg8 23. Nxe7+ Rxe7 24. Ra1 1-0

[Event "XVII Festival A"]
[Site "Trieste ITA"]
[Date "2015.09.03"]
[Round "8"]
[White "Moroni, Luca Jr"]
[Black "Korpa, Bence"]
[Result "1-0"]
[WhiteElo "2461"]
[BlackElo "2433"]
[PlyCount "45"]
[EventDate "2015.08.29"]

1. d4 Nf6 2. c4 e6 3. Nf3 d5 4. Nc3 c5 5. cxd5 Nxd5 6. e4 Nxc3 7. bxc3 cxd4 8.
cxd4 Bb4+ 9. Bd2 Bxd2+ 10. Qxd2 O-O 11. Rc1 Nc6 12. Bc4 Qa5 13. Rc3 Bd7 14. O-O
Ne7 15. Ne5 Rac8 16. Nxd7 Rfd8 17. Nf6+ Kf8 18. Nxh7+ Kg8 19. Ng5 Rxc4 20. Qf4
Rxc3 21. Qxf7+ Kh8 22. Nxe6 Rg8 23. d5 1-0

[Event "XVII Festival A"]
[Site "Trieste ITA"]
[Date "2015.09.03"]
[Round "8"]
[White "Codenotti, Marco"]
[Black "Jovanic, Ognjen"]
[Result "1/2-1/2"]
[WhiteElo "2424"]
[BlackElo "2459"]
[PlyCount "88"]
[EventDate "2015.08.29"]

1. e4 e5 2. Nf3 Nf6 3. Nxe5 d6 4. Nf3 Nxe4 5. d4 d5 6. Bd3 Nc6 7. O-O Be7 8. c4
Nb4 9. Be2 O-O 10. Nc3 Bf5 11. a3 Nxc3 12. bxc3 Nc6 13. Re1 Re8 14. Bf4 dxc4
15. Bxc4 Bd6 16. Bxd6 Rxe1+ 17. Qxe1 Qxd6 18. Ng5 Bg6 19. Ne4 Bxe4 20. Qxe4 Rd8
21. g3 g6 22. h4 Qe7 23. Qxe7 Nxe7 24. Rb1 b6 25. Re1 Kf8 26. g4 h6 27. Re3 Nc8
28. g5 hxg5 29. hxg5 Nd6 30. Bd3 Rc8 31. Re5 c5 32. dxc5 Rxc5 33. Rxc5 bxc5 34.
c4 Ke7 35. f4 Kd7 36. Kf2 Kc7 37. Ke3 Kd7 38. Kf3 Ke6 39. Ke3 Ke7 40. Kf3 Kd7
41. Ke3 Ke6 42. Kf3 Nf5 43. Bxf5+ Kxf5 44. a4 a5 1/2-1/2

[Event "XVII Festival A"]
[Site "Trieste ITA"]
[Date "2015.09.03"]
[Round "8"]
[White "Hendriks, Willy"]
[Black "Bentivegna, Francesco"]
[Result "1-0"]
[WhiteElo "2384"]
[BlackElo "2234"]
[PlyCount "77"]
[EventDate "2015.08.29"]

1. e4 c6 2. d4 d5 3. exd5 cxd5 4. c4 Nf6 5. Nc3 Nc6 6. Bg5 Be6 7. a3 g6 8. Be2
h6 9. Bxf6 exf6 10. Bf3 Ne7 11. cxd5 Nxd5 12. Nxd5 Bxd5 13. Qa4+ Ke7 14. Rc1 f5
15. Qb5 Bxf3 16. Nxf3 Qd7 17. Qe5+ Qe6 18. Rc7+ Ke8 19. Rxb7 Bd6 20. Qxe6+ fxe6
21. O-O Rb8 22. Rxa7 Rxb2 23. Re1 Kd8 24. Rxe6 Rb1+ 25. Re1 Rxe1+ 26. Nxe1 Re8
27. Ra8+ Kd7 28. Rxe8 Kxe8 29. a4 Kd7 30. Kf1 Kc6 31. Ke2 Bxh2 32. Nf3 Bc7 33.
Nh4 Kd5 34. Kd3 Bb6 35. Nxg6 Bxd4 36. Ne7+ Kc5 37. f4 Bf6 38. Nxf5 h5 39. Ng3
1-0